[Event "Voronezh op-B 18th"]
[Site "Voronezh"]
[Date "2014.06.18"]
[Round "7"]
[White "Sharafutdinov, Marat"]
[Black "Ioffe, Evgeny"]
[Result "1-0"]
[WhiteElo "1837"]
[BlackElo "2028"]
[PlyCount "129"]
[EventDate "2014.06.12"]
[EventType "swiss"]
[EventRounds "9"]
[EventCountry "RUS"]
[SourceTitle "EXT 2015"]
[Source "ChessBase"]
[SourceDate "2014.11.20"]
[SourceVersion "1"]
[SourceVersionDate "2014.11.20"]
[SourceQuality "1"]

1. e4 c6 2. Nc3 d5 3. d4 dxe4 4. Nxe4 Bf5 5. Ng3 Bg6 6. h4 h6 7. h5 Bh7 8. Nf3 Nd7 9. Bd3 Bxd3 10. Qxd3 e6 11. Bf4 Qa5+ 12. c3 Ngf6 13. Bd2 Qc7 14. Ne4 0-0-0 15. 0-0-0 Nxe4 16. Qxe4 Nf6 17. Qe2 Bd6 18. g3 c5 19. Kb1 Kb8 20. dxc5 Qxc5 21. Nd4 a6 22. Be3 Rd7 23. g4 Qe5 24. f3 Nd5 25. Bc1 Qxe2 26. Nxe2 Rhd8 27. Rd2 Kc8 28. c4 Nb4 29. Rhd1 Bc5 30. Rxd7 Rxd7 31. Rxd7 Kxd7 32. Bd2 Nd3 33. f4 Nf2 34. g5 Ne4 35. Bc1 f5 36. b3 Ke8 37. Bb2 Kf7 38. g6+ Kf8 39. Be5 Bd6 40. Kc2 Bxe5 41. fxe5 Ke7 42. Nf4 Kd7 43. Kd3 Ng5 44. Ke3 Kc6 45. b4 b6 46. a3 Kd7 47. Ne2 Ne4 48. Kd4 Ng5 49. Ng1 Kc6 50. a4 Kd7 51. c5 Kc6 52. cxb6 Kxb6 53. Ne2 Nh3 54. Ke3 Ng5 55. Nd4 Kc7 56. a5 Kb7 57. b5 axb5 58. Nxb5 Ka6 59. Nc7+ Kxa5 60. Ne8 Ne4 61. Nxg7 Ng3 62. Kf3 f4 63. Kxf4 Ne2+ 64. Ke3 Ng3 65. Kf3 1-0

[Event "Voronezh op-B 18th"]
[Site "Voronezh"]
[Date "2014.06.15"]
[Round "4"]
[White "Sitnikov, Sergey V"]
[Black "Sharafutdinov, Marat"]
[Result "0-1"]
[WhiteElo "2003"]
[BlackElo "1837"]
[PlyCount "82"]
[EventDate "2014.06.12"]
[EventType "swiss"]
[EventRounds "9"]
[EventCountry "RUS"]
[SourceTitle "EXT 2015"]
[Source "ChessBase"]
[SourceDate "2014.11.20"]
[SourceVersion "1"]
[SourceVersionDate "2014.11.20"]
[SourceQuality "1"]

1. d4 d5 2. Nf3 c6 3. c4 Nf6 4. Nc3 g6 5. Bf4 Bg7 6. Qd2 dxc4 7. e4 b5 8. a3 0-0 9. h3 Bb7 10. Bh6 a6 11. Bxg7 Kxg7 12. e5 Nd5 13. Ne4 Nd7 14. e6 fxe6 15. Nfg5 Nc7 16. Qa5 Kg8 17. Rd1 Rc8 18. Be2 h6 19. Nf3 Nd5 20. Qd2 Kg7 21. h4 Rf4 22. Nc5 Nxc5 23. dxc5 Qc7 24. h5 g5 25. g3 Rf6 26. Nh2 Rcf8 27. Ng4 Rf5 28. Qd4+ e5 29. Qe4 Bc8 30. Qc2 Qa7 31. 0-0 Qxc5 32. b3 c3 33. b4 Qb6 34. Qd3 R8f7 35. Rde1 Qd4 36. Nxe5 Qxe5 37. Bg4 Qf6 38. f4 gxf4 39. gxf4 Rxf4 40. Bxc8 Rxf1+ 41. Rxf1 Qxf1+ 0-1

[Event "Nezhmetdinov Memorial 36th"]
[Site "Kazan"]
[Date "2014.06.08"]
[Round "9"]
[White "Sharafutdinov, Marat"]
[Black "Mischeryakov, Alexey"]
[Result "1-0"]
[WhiteElo "1837"]
[BlackElo "1945"]
[PlyCount "87"]
[EventDate "2014.05.31"]
[EventType "swiss"]
[EventRounds "9"]
[EventCountry "RUS"]
[SourceTitle "CBM 160 Extra"]
[Source "ChessBase"]
[SourceDate "2014.07.01"]
[SourceVersion "1"]
[SourceVersionDate "2014.07.01"]
[SourceQuality "1"]

1. d4 Nf6 2. Nf3 g6 3. c4 Bg7 4. Nc3 d6 5. e3 0-0 6. Be2 Nc6 7. 0-0 a6 8. d5 Ne5 9. Nxe5 dxe5 10. b3 e6 11. Ba3 Re8 12. e4 exd5 13. cxd5 c6 14. dxc6 Qa5 15. Bb2 bxc6 16. Qe1 Bb7 17. Bc4 Rad8 18. Qe2 Rd4 19. Rad1 Red8 20. Rd3 Nh5 21. g3 Nf6 22. Rfd1 c5 23. f3 Bc6 24. a4 Bb7 25. Qe3 Qc7 26. Ne2 Rxd3 27. Rxd3 Rxd3 28. Qxd3 Ne8 29. Bxa6 Qb6 30. Bc4 Nd6 31. a5 Qc7 32. a6 Nxc4 33. Qxc4 Bc8 34. b4 Bh6 35. Kf2 Qd7 36. Bxe5 cxb4 37. Bd4 Qe6 38. Qc7 Qd7 39. Qe5 f6 40. Qxf6 Bg7 41. Qxg7+ Qxg7 42. Bxg7 Kxg7 43. a7 Bb7 44. Ke3 1-0

[Event "Nezhmetdinov Memorial 36th"]
[Site "Kazan"]
[Date "2014.06.03"]
[Round "4"]
[White "Pushkin, Eduard"]
[Black "Sharafutdinov, Marat"]
[Result "1/2-1/2"]
[WhiteElo "2150"]
[BlackElo "1837"]
[PlyCount "135"]
[EventDate "2014.05.31"]
[EventType "swiss"]
[EventRounds "9"]
[EventCountry "RUS"]
[SourceTitle "CBM 160 Extra"]
[Source "ChessBase"]
[SourceDate "2014.07.01"]
[SourceVersion "1"]
[SourceVersionDate "2014.07.01"]
[SourceQuality "1"]

1. c4 c6 2. e4 d5 3. exd5 cxd5 4. d4 Nf6 5. Nc3 g6 6. Nf3 Bg7 7. cxd5 0-0 8. Bc4 b5 9. Bxb5 Nxd5 10. 0-0 Bb7 11. Be2 Nc6 12. Na4 Rc8 13. Re1 Qd6 14. Nc5 Ba8 15. Ne4 Qb4 16. a3 Qb6 17. Nc3 Nxd4 18. Nxd5 Bxd5 19. Be3 e5 20. Qd2 Rfd8 21. Nxd4 exd4 22. Bg5 Re8 23. Bd3 Qb7 24. f3 Qb3 25. Rxe8+ Rxe8 26. Rc1 h6 27. Bf4 a5 28. h4 a4 29. h5 g5 30. Bg3 Bf6 31. Bf2 Kg7 32. Rc5 Rd8 33. Bg3 Be6 34. Qe2 Rc8 35. Rxc8 Bxc8 36. Qe4 Qe6 37. Qh7+ Kf8 38. Qxh6+ Ke7 39. Qh7 g4 40. Qe4 gxf3 41. Qxf3 Qe3+ 42. Kh2 Qg5 43. Qe4+ Be6 44. Be2 Kf8 45. Bf3 Bf5 46. Qa8+ Kg7 47. Qxa4 Bg4 48. Qd1 Qxh5+ 49. Kg1 Bxf3 50. Qxf3 Qxf3 51. gxf3 d3 52. Kf2 Bxb2 53. a4 Bd4+ 54. Ke1 Be3 55. a5 Kf6 56. Bc7 Ke6 57. a6 Kd7 58. Bf4 Bb6 59. Kd2 Kc6 60. Kxd3 Kb5 61. Ke4 Kxa6 62. Kf5 Kb5 63. Kf6 Kc4 64. Kxf7 Kd3 65. Bg3 Be3 66. Ke6 Ke2 67. f4 Bxf4 68. Bxf4 1/2-1/2